00396nam a2200145Ia 4500020001800000082002200018245005500040250000800095260003600103300001500139504001400154650002800168650003300196700002100229 a1 870889 07 x aRR 004.56503 CDR; 0aCD-ROM directory 1988: the international directory a2nd aLondonbTFPL Publicationsc1987 axiv, 498p. aRef. book aInternational directory aCD-ROMs - Directories - 1988 aChurchill, Kate